Reinventing Space Flight (Record no. 334347)
[ view plain ]
| 000 -LEADER | |
|---|---|
| fixed length control field | 00507nam a2200097Ia 4500 |
| 008 - FIXED-LENGTH DATA ELEMENTS--GENERAL INFORMATION | |
| fixed length control field | 170517s9999 xx 000 0 und d |
| 245 ## - TITLE STATEMENT | |
| Title | Reinventing Space Flight |
| 300 ## - PHYSICAL DESCRIPTION | |
| Extent | A small group of scientists has come to Fairbanks, Alaska to realize what may seem an impossible dream... to revolutionize space travel. They're there to test components of this rocket by sending them aboard helium balloons to an altitude... |
| 650 ## - SUBJECT ADDED ENTRY--TOPICAL TERM | |
| General subdivision | Science. |
| 856 ## - ELECTRONIC LOCATION AND ACCESS | |
| Uniform Resource Identifier | <a href="http://topdocumentaryfilms.com/reinventing-space-flight/">http://topdocumentaryfilms.com/reinventing-space-flight/</a> |
| Withdrawn status | Lost status | Damaged status | Home library | Current library | Date acquired | Total Checkouts | Date last seen | Price effective from | Koha item type |
|---|---|---|---|---|---|---|---|---|---|
| College Library | College Library | 05/17/2017 | 05/17/2017 | 05/17/2017 | Documentary Films |